Hantaran kasih tuhan

Bibliographic Details
Main Author: Noorfadzillah Omar
Format: Book
Published: Batu Caves : PTS Litera Utama Sdn. Bhd. , 2011
Subjects:

MARC

LEADER 00000cam a2200000 7i4500
001 0000156607
005 20120412.0
020 |a 9789675783685 
090 0 0 |a F   |b NOO 
100 0 |a Noorfadzillah Omar 
245 1 0 |a Hantaran kasih tuhan   |c Noorfadzillah Omar 
260 |a Batu Caves :   |b PTS Litera Utama Sdn. Bhd. ,   |c 2011 
300 |a 531p. ;   |c 19cm. 
650 0 0 |a Malay fiction 
999 |a 00258938   |b BUKU   |c PINJAMAN   |e PERPUSTAKAAN KOMUNITI CAW KOTA DAMANSARA